Three Men on the Bummel/ (Record no. 212905)

MARC details
000 -LEADER
fixed length control field 00505nam a2200193 4500
005 - DATE AND TIME OF LATEST TRANSACTION
control field 20250806145618.0
010 ## - LCCN (DPL NO)
LC control number ENG-146409
020 ## - INTERNATIONAL STANDARD BOOK NUMBER
International Standard Book Number 9789349042049
Terms of availability 299.00
035 ## - SYSTEM CONTROL NUMBER
System control number EN-129941
037 ## - SOURCE OF ACQUISITION
Source of stock number/acquisition DBAD
082 ## - DEWEY DECIMAL CLASSIFICATION NUMBER
Classification number N
100 ## - MAIN ENTRY--PERSONAL NAME
Personal name Jerome K Jerome
245 ## - TITLE STATEMENT
Title Three Men on the Bummel/
Statement of responsibility, etc Jerome K Jerome
250 ## - EDITION STATEMENT
Edition statement 1
260 ## - PUBLICATION, DISTRIBUTION, ETC. (IMPRINT)
Place of publication, distribution, etc Chandigarh
Name of publisher, distributor, etc The Browser
Date of publication, distribution, etc 2025
270 ## - ADDRESS
Address SCO-14,15, Sector 8-C
City Chandigarh
Postal code 160009
300 ## - PHYSICAL DESCRIPTION
Extent 168p.
Dimensions 20cm(pb)
942 ## - ADDED ENTRY ELEMENTS (KOHA)
Source of classification or shelving scheme Dewey Decimal Classification
Item type English Books
Classification part N
Call number suffix JER
Holdings
Withdrawn status Lost status Not for loan Collection code Home library Current library Date acquired Source of acquisition Cost, normal purchase price Full call number Barcode Copy number Cost, replacement price Koha item type
      Fiction Sarojini Nagar Sarojini Nagar 06/08/2025 Delivery of Books Act Division 299.00 N JER EN-129941 1 299.00 English Books

© Delhi Public Library
Hit Counter
free hit counter